Tranh lụa Việt Nam từ chất liệu đến kỹ thuật /

সংরক্ষণ করুন:
গ্রন্থ-পঞ্জীর বিবরন
প্রধান লেখক: Hoàng Minh Đức.
বিন্যাস: প্রবন্ধ
ভাষা:Vietnamese
বিষয়গুলি:
ট্যাগগুলো: ট্যাগ যুক্ত করুন
কোনো ট্যাগ নেই, প্রথমজন হিসাবে ট্যাগ করুন!
Thư viện lưu trữ: Thư viện Trường Đại học Đà Lạt
LEADER 00771nam a2200265 4500
001 DLU160176458
005 ##20160825
040 # # |a DLU  |b vie 
041 # # |a vie 
044 # # |a vn 
100 # # |a Hoàng Minh Đức. 
245 # # |a Tranh lụa Việt Nam từ chất liệu đến kỹ thuật /  |c Hoàng Minh Đức. 
653 # # |a Chất liệu 
653 # # |a Kỹ thuật 
653 # # |a Tranh lụa 
773 # # |t Tạp chí Văn hóa nghệ thuật  |g Số 362, tháng 8-2014, tr.78-81 
920 # # |a Phòng Tạp chí -- Trung tâm Thông tin - Thư viện Trường Đại học Đà Lạt 
994 # # |a DLU 
900 # # |a True 
911 # # |a Trần Thị Minh Hương 
925 # # |a G 
926 # # |a A 
927 # # |a BB 
980 # # |a Thư viện Trường Đại học Đà Lạt